书目信息 |
| 题名: |
变幻中的乾坤
|
|
| 作者: | 金尔文 , 郭建 著 | |
| 分册: | ||
| 出版信息: | 上海 上海文艺出版社 2005 |
|
| 页数: | 299页 | |
| 开本: | 25cm | |
| 丛书名: | 话说中国 | |
| 单 册: | ||
| 中图分类: | K209 , K243.09 | |
| 科图分类: | ||
| 主题词: | 古代史 , 中国--通史 | |
| 电子资源: | ||
| ISBN: | 7-5321-2752-4 | |
| 000 | 01131oam2 2200325 450 | |
| 001 | 1253997254 | |
| 005 | 20121007150035.62 | |
| 010 | @a7-5321-2752-4@dCNY70.00 | |
| 100 | @a20050428d2005 em y0chiy50 ea | |
| 101 | 0 | @achi |
| 102 | @aCN@b310000 | |
| 105 | @aab z 001yy | |
| 200 | 1 | @a变幻中的乾坤@Abian huan zhong de qian kun@e公元763年至公元960年的中国故事@f金尔文,郭建著 |
| 210 | @a上海@c上海文艺出版社@d2005 | |
| 215 | @a299页@c图,地图@d25cm | |
| 225 | 2 | @a话说中国 |
| 330 | @a本书作为融故事体的文本阅读、精彩细腻的图片鉴赏、便捷实用的检索功能于一体的唐五代十国时期历史百科全书,生动的再现了唐五代十国时期的历史。 | |
| 461 | 0 | @12001 @a话说中国 |
| 517 | 1 | @a公元763年至公元960年的中国故事@Agong yuan763 nian zhi gong yuan960 nian de zhong guo gu shi |
| 606 | 0 | @a古代史 |
| 606 | 0 | @a中国@x通史 |
| 607 | @a中国@x古代史@z唐代@j通俗读物 | |
| 607 | @a中国@x古代史@z五代十国时期@j通俗读物 | |
| 607 | @a中国 | |
| 690 | @aK209@v4 | |
| 690 | @aK243.09@v4 | |
| 701 | 0 | @a金尔文@Ajin er wen@c(历史)@4著 |
| 701 | 0 | @a郭建@Aguo jian@c(历史)@4著 |
| 801 | 0 | @aCN@bNLC@c20101222 |
| 905 | @a10447@dK209@eJY43 | |
| 变幻中的乾坤:公元763年至公元960年的中国故事/金尔文,郭建著.-上海:上海文艺出版社,2005 |
| 299页:图,地图;25cm.-(话说中国) |
| ISBN 7-5321-2752-4:CNY70.00 |
| 本书作为融故事体的文本阅读、精彩细腻的图片鉴赏、便捷实用的检索功能于一体的唐五代十国时期历史百科全书,生动的再现了唐五代十国时期的历史。 |
| ● |
| 相关链接 |
|
|
|
|
正题名:变幻中的乾坤
索取号:K209/JY43
 
预约/预借
| 序号 | 登录号 | 条形码 | 馆藏地/架位号 | 状态 | 备注 |
| 1 | 7831975 | 278319758 | 学院路分馆/ [索取号:K209/JY43] | 在馆 |